| 000 | 00777nam a22002177a 4500 | ||
|---|---|---|---|
| 005 | 20140606105341.0 | ||
| 010 | _aB-457125 B-460871-875 | ||
| 020 |
_a9789380658650 _c495.00 |
||
| 035 | _aB-457125 B-460871-875 | ||
| 037 |
_adpl _bK.K.Pub/ Ven |
||
| 037 | _bVirtuous Pub/Ven | ||
| 082 | _aN | ||
| 100 | _aShehryar Fazli | ||
| 245 |
_aInvitation / _cby Shehryar Fazli |
||
| 260 |
_aNew Delhi _bTranquebar _c2011 |
||
| 270 |
_a47,Brij Mohan Road, Darya Ganj _bNew Delhi _e110002 |
||
| 300 |
_aIX, 325p.. _c19cm(Hb) |
||
| 942 |
_2ddc _cEN _mFAZ _hN |
||
| 999 |
_c66402 _d66402 |
||